000 00441nam a2200181Ia 4500
003 OSt
005 20240702171144.0
008 210210b xxu||||| |||| 00| 0 eng d
040 _cAL
041 _aKannada
082 _a859/636
100 _aTA RA SU
_dತ. ರಾ.ಸು.
_9134997
245 _aJitada jiva
_bಜೀತದ ಜೀವ
260 _aBengaluru
_b-
690 _aKannada Fiction
_9135000
906 _a021491
942 _2ddc
_cBK
999 _c145578
_d145578